000
00248nam a2200097Ia 4500
008
230915s9999 xx 000 0 und d
050
_a
QH308.2.S73 C.2
100
_a
CECIE STARR
245
0
_a
BIOLOGY: THE UNITY AND DIVERSITY OF LIFE
942
_c
BK
999
_c
192328
_d
192328